Normal view
MARC view
- Madenci, Erdogan,Guven, Ibrahim
Entry Personal Name
001 - CONTROL NUMBER
- control field: 61401
003 - CONTROL NUMBER IDENTIFIER
- control field: NUST
005 - DATE AND TIME OF LATEST TRANSACTION
- control field: 20210628202739.0
008 - FIXED-LENGTH DATA ELEMENTS
- fixed length control field: 210628|| aca||aabn | a|a d
040 ## - CATALOGING SOURCE
- Original cataloging agency: NUST
- Transcribing agency: NUST
100 ## - HEADING--PERSONAL NAME
- Personal name: Madenci, Erdogan,Guven, Ibrahim
670 ## - SOURCE DATA FOUND
- Source citation: Work cat.: (NUST): Madenci, Erdogan,Guven, Ibrahim, The finite element method and applications in engineering using ansys, 2006
